000 00524nam a22001697a 4500
999 _c3281
_d3281
020 _a0028618343
022 _a 9780028618340
050 _aHF1118.St3
100 _a Mark A Stewart
245 _a 30 days to the GMAT CAT
_bMake the most of what you've got
_c Mark A Stewart
260 _aUSA
_bMacMillan
_c1998
300 _a 257 pages
_b illustrations ; 24 cm
500 _a "An Arco book."
505 _aThe 30 day Program
650 _a Graduate Management Admission Test.
_xComputer adaptive testing.
942 _cBK